Capitals of Chinese Provinces - Statistics

General Stats
  • This quiz has been taken 360 times
  • The average score is 24 of 33
Answer Stats
Subdivision Capital % Correct
(city municipality) Beijing
98%
Guangdong Guangzhou
94%
(city municipality) Shanghai
92%
(city municipality) Tianjin
90%
(city municipality) Hong Kong
86%
Hubei Wuhan
86%
Shaanxi Xi'an
86%
(city municipality) Chongqing
85%
Heilongjiang Harbin
85%
Sichuan Chengdu
84%
(city municipality) Macau
84%
Tibet Lhasa
83%
Jiangsu Nanjing
83%
Fujian Fuzhou
81%
Xinjiang Uyghur Ürümqi
80%
Yunnan Kunming
77%
Hunan Changsha
73%
Zhejiang Hangzhou
73%
Hainan Haikou
72%
Anhui Hefei
69%
Inner Mongolia Hohhot
67%
Gansu Lanzhou
67%
Liaoning Shenyang
65%
Henan Zhengzhou
65%
Guizhou Guiyang
64%
Guangxi Zhuang Nanning
62%
Shanxi Taiyuan
61%
Shandong Jinan
58%
Hebei Shijiazhuang
58%
Jilin Changchun
57%
Jiangxi Nanchang
54%
Qinghai Xining
53%
Ningxia Hui Yinchuan
49%
No matching quizzes found
Score Distribution
Percent of People with Each Score
Percentile by Number Answered
Your Score History
You have not taken this quiz